Demons in the Ars Goetia - Statistics

General Stats
  • This quiz has been taken 357 times
  • The average score is 28 of 72
Answer Stats
Number Answer % Correct
1 Bael
85%
9 Paimon
79%
8 Barbatos
62%
36 Stolas
58%
68 Belial
57%
7 Amon
56%
3 Vassago
56%
56 Gremory
53%
21 Marax
52%
29 Astaroth
51%
28 Berith
50%
10 Buer
50%
23 Aim
49%
13 Beleth
49%
32 Asmoday
47%
34 Furfur
47%
16 Zepar
46%
5 Marbas
45%
20 Purson
45%
58 Amy
44%
65 Andrealphus
44%
24 Naberius
44%
6 Valefor
44%
45 Viné
44%
54 Murmur
42%
38 Halphas
40%
4 Samigina
40%
17 Botis
39%
39 Malphas
39%
37 Phenex
39%
2 Agrares
38%
30 Forneus
38%
22 Ipos
38%
42 Vepar
38%
72 Andromalius
36%
26 Bune
36%
71 Dantalion
36%
41 Focalor
36%
33 Gaap
36%
51 Balam
35%
53 Camio
35%
63 Andras
34%
25 Glasya-Labolas
34%
11 Gusion
34%
44 Shan
34%
18 Bathin
33%
15 Eligos
33%
55 Orobas
33%
61 Zagan
33%
69 Decarabia
32%
14 Leraje
32%
35 Marchosias
32%
19 Sallos
32%
62 Volac
32%
27 Ronové
31%
57 Osé
30%
70 Seere
30%
67 Amdusias
29%
49 Crocell
29%
64 Haures
29%
40 Raum
29%
12 Sitiri
29%
47 Uvall
29%
31 Foras
28%
50 Furcas
28%
46 Bifrons
27%
66 Cimejes
26%
48 Haagenti
26%
59 Oriax
26%
43 Sabnock
25%
60 Vapula
24%
52 Alloces
22%
No matching quizzes found
Score Distribution
Percent of People with Each Score
Percentile by Number Answered
Your Score History
You have not taken this quiz